<?xml version="1.0" encoding="UTF-8"?>
<record
    xmlns:xsi="http://www.w3.org/2001/XMLSchema-instance"
    xsi:schemaLocation="http://www.loc.gov/MARC21/slim http://www.loc.gov/standards/marcxml/schema/MARC21slim.xsd"
    xmlns="http://www.loc.gov/MARC21/slim">

  <leader>02816nam a22002537a 4500</leader>
  <controlfield tag="003">BJBSDDR</controlfield>
  <controlfield tag="005">20260512175316.0</controlfield>
  <controlfield tag="006">a|||||r|||| 00| 0 </controlfield>
  <controlfield tag="007">ta</controlfield>
  <controlfield tag="008">260512s20072006nyu|||||r|||| 00| 0 eng d</controlfield>
  <datafield tag="020" ind1=" " ind2=" ">
    <subfield code="a">9780743246019</subfield>
  </datafield>
  <datafield tag="040" ind1=" " ind2=" ">
    <subfield code="b">spa</subfield>
    <subfield code="c">BJBSDDR</subfield>
  </datafield>
  <datafield tag="041" ind1=" " ind2=" ">
    <subfield code="a">eng</subfield>
  </datafield>
  <datafield tag="050" ind1=" " ind2=" ">
    <subfield code="b">A466d 2007</subfield>
  </datafield>
  <datafield tag="100" ind1="1" ind2=" ">
    <subfield code="a">Alter, Jonathan H., </subfield>
    <subfield code="d">1957-</subfield>
    <subfield code="9">30251</subfield>
  </datafield>
  <datafield tag="245" ind1="1" ind2="4">
    <subfield code="a">The defining moment :</subfield>
    <subfield code="b">FDR's hundred days and the triumph of hope /</subfield>
    <subfield code="c">Jonathan Alter.</subfield>
  </datafield>
  <datafield tag="250" ind1=" " ind2=" ">
    <subfield code="a">paperback edition</subfield>
  </datafield>
  <datafield tag="260" ind1=" " ind2=" ">
    <subfield code="a">New York :</subfield>
    <subfield code="b">Simon &amp; Schuster,</subfield>
    <subfield code="c">2007</subfield>
  </datafield>
  <datafield tag="300" ind1=" " ind2=" ">
    <subfield code="a">xvi, 415 pages, 16 unnumbered pages of plates : </subfield>
    <subfield code="b">illustrations ;</subfield>
    <subfield code="c">24 cm</subfield>
  </datafield>
  <datafield tag="505" ind1=" " ind2=" ">
    <subfield code="a">Contenidos : 
Prologue: Sunday, March 5, 1933
pt. 1: Lightweight steel. Security ; "My boy Franklin" ; "Miss Nancy" ; Eleanor and Sara ; Dilettante ; "The medieval gnome" ; The operator ; The "ghastly affliction"
Warm Springs dress rehearsal ; "I've got to be it myself"
pt. 2: The ascent: 1932. "Brother, can you spare a dime?" ; "This doesn't go for above the neck" ; "Try something" for "the forgotten man" ; The Brain Trust ; The hair-splitter ; The "corkscrew candidate" ; Off the reservation ; Flight to Chicago ; The Bonus Army ; The trial of Jimmy Walker ; "Hang Hoover!"
pt. 3: The crisis: winter 1933. The perfect foil ; Under the mattress ; "Wooden roof" and other cabinetry ; Nearly martyred in Miami ; "Damn the secretary" ; "Gabriel over the White House" ; The hairy hand ; Reluctant First Lady ; "Like hell I will!"
pt. 4: The Hundred Days. "Fear itself" ; The consecration ; "An injection of adrenalin" ; "Action now" ; That temperament ; Holiday spirit ; "Surpassing charm" ; That voice ; "The chief croupier" ; Roosevelt's "tree army" ; The blue eagle ; Social Security ; "Dr. New Deal"
Appendix: Inaugural address, March 4, 1933 ; First Fireside Chat, March 12, 1933</subfield>
  </datafield>
  <datafield tag="520" ind1=" " ind2=" ">
    <subfield code="a">This is the story of a political miracle--the perfect match of man and moment. FDR took office in 1933 as America touched bottom. Banks were closing, millions of people lost everything--the Great Depression had caused a national breakdown. Journalist Alter brings us closer than ever before to the Roosevelt magic. Facing the gravest crisis since the Civil War, instead of circumventing Congress and becoming the dictator so many thought they needed, FDR used his cagey political instincts and ebullient temperament in the storied first Hundred Days of his presidency to pull off a conjuring act that lifted the country and saved both democracy and capitalism. Alter shows us how a snobbish and apparently lightweight young aristocrat was forged into an incandescent leader by his domineering mother; his independent wife; his eccentric top adviser, Louis Howe; and his ally-turned-bitter-rival, Al Smith.</subfield>
  </datafield>
  <datafield tag="942" ind1=" " ind2=" ">
    <subfield code="2">lcc</subfield>
    <subfield code="n">0</subfield>
    <subfield code="c">BK</subfield>
  </datafield>
  <datafield tag="946" ind1=" " ind2=" ">
    <subfield code="i">llh</subfield>
  </datafield>
  <datafield tag="999" ind1=" " ind2=" ">
    <subfield code="c">127073</subfield>
    <subfield code="d">127073</subfield>
  </datafield>
</record>
